| 000 | 00572nam a22002177a 4500 | ||
|---|---|---|---|
| 003 | BR-BrBNA | ||
| 005 | 20230830130415.0 | ||
| 008 | 230830b bl.||||| |||| 00| 0 por d | ||
| 040 |
_aBR-BrBNA _bpor |
||
| 041 | _apor | ||
| 072 | _aD10 | ||
| 100 | _aBennis, Warren G. | ||
| 245 |
_aDesenvolvimento organizacional: _bsua natureza, origens e perspectivas. / |
||
| 260 |
_aSão Paulo - SP: _bEditora Edgard, _c1972. |
||
| 300 | _a101 p. | ||
| 650 | _aORGANIZAÇÃO | ||
| 650 | _aDESENVOLVIMENTO | ||
| 909 |
_a08/2023 _bSarah |
||
| 942 | _cBK | ||
| 999 |
_c9907 _d9907 |
||